Score 0/17 Timer 02:00
0 Plays Today
Clue 4-Letter Word % Correct
Between summer and winterFALL
97.7%
Put gas in the tankFILL
96.8%
The opposite of firstLAST
96%
V, to the RomansFIVE
95.3%
A set of documents in a folderFILE
95.2%
Bundle of hayBALE
95.1%
❤ A formal dance ❤❤ BALL ❤
94.8%
❤ Britney Spears' song: Baby One More ____❤ TIME ❤
94.7%
Green citrus fruitLIME
94.5%
Clue 4-Letter Word % Correct
❤ It precedes the present ❤❤ PAST ❤
94.4%
A set of bulleted itemsLIST
91.1%
A separation between hair sectionsPART
89.5%
Money paid to be a passengerFARE
89.4%
❤ One that is preferred to win ❤❤ FAVE ❤
88.1%
Trim by cutting away the outer edgesPARE
83%
Physicist Meitner element 109 is named forLISE
81.7%
❤ Acid's opposite ❤❤ BASE ❤
80.3%

Today's Daily Dose

Missing Word
'T' Pairs

Word Ladder
Game Pieces

Get the Picture
Baseball Movies

Remove Ads.
Support Sporcle.
Get the best of Sporcle when you Go Orange. This ad-free experience offers more features, more stats, and more fun while also helping to support Sporcle. Thank you for becoming a member.

You're not logged in!

Compare scores with friends on all Sporcle quizzes.
OR
Log In

Show Comments

Extras

Top Quizzes Today


Score Distribution

Your Account Isn't Verified!

In order to create a playlist on Sporcle, you need to verify the email address you used during registration. Go to your Sporcle Settings to finish the process.

Report this User

Report this user for behavior that violates our Community Guidelines.

Details: